| 000 | 00737nam a2200217 i 4500 | ||
|---|---|---|---|
| 001 | 61468 | ||
| 003 | ES-MaACL | ||
| 005 | 20230906164449.0 | ||
| 007 | t| | ||
| 008 | 031112s1967 sp ||||1| spa d | ||
| 100 | 1 |
_aEvoy, John J. _948401 |
|
| 245 | 1 | 0 |
_aDesarrollo de la personalidad en la vida religiosa / _cJohn J. Evoy, Van F. Christoph ; [traducción por Anselmo Archanco Royo]. |
| 260 |
_aMadrid : _bRazón y Fé, _c1967. |
||
| 300 |
_a330 p. ; _c21 cm. |
||
| 490 | 1 |
_aPsicología, medicina, pastoral ; _v60 |
|
| 700 | 1 |
_aChristoph, Van F. _938668 |
|
| 700 | 1 |
_aArchanco Royo, Anselmo. _922475 |
|
| 830 | 0 |
_aPsicología, medicina, pastoral ; _v60 _9180800 |
|
| 852 |
_aES-MaACL _jC-32092 _bR.62760 |
||
| 999 |
_c61468 _d61468 |
||